000 00575nam a22001937a 4500
005 20251108165940.0
008 250721s1998 xx 000 0 ara d
082 1 4 _aق/لند
100 1 _aلندن، جاك
_eمؤلف
245 1 0 _aذئب البحار :
_bروايه /
264 1 _aعمان :
_bدار أزمنة للنشر،
_c1998.
300 _a204ص.
490 0 _aإبداعات عالميه
650 1 7 _aالأدب العربي
650 1 7 _aأدب الأطفال
700 1 _aأبو حجله، عمران
_eترجمة
942 _2ddc
_cBK
999 _c35625
_d35625